Clubes argentinos donde jugó el Tanque Silva - Estadísticas

Estadísticas generales
  • Esta prueba ha sido intentada 169 veces
  • La puntuación promedio es 9 de 13
Estadísticas de respuestas
Año/s Club donde jugó % Correcto
2012-13 Boca Juniors
99%
2009 Banfield
90%
2016-17 Banfield
90%
2013-15 Lanús
86%
2007-09 Vélez Sarsfield
75%
2010-11 Vélez Sarsfield
75%
2022-23 Aldosivi
70%
2006-07 Gimnasia (LP)
67%
2018-19 Gimnasia (LP)
67%
2005 Newells Old Boys
57%
2019-20 Argentinos Juniors
48%
2015 Arsenal
48%
2018 Talleres (C)
35%
No se encontraron pruebas coincidentes
Distribución de puntuación
Porcentaje de gente con cada puntuación
Porcentaje por número respondido
Historial de tus puntuaciones
No has intentado esta prueba.